Applied digital control / (Record no. 593889)
[ view plain ]
| 000 -LEADER | |
|---|---|
| fixed length control field | 00917pam a2200253 a 4500 |
| 001 - CONTROL NUMBER | |
| control field | 4278893 |
| 005 - DATE AND TIME OF LATEST TRANSACTION | |
| control field | 20230320162449.0 |
| 008 - FIXED-LENGTH DATA ELEMENTS--GENERAL INFORMATION | |
| fixed length control field | 850923s1985 ne a b 001 0 eng |
| 010 ## - LIBRARY OF CONGRESS CONTROL NUMBER | |
| LC control number | 85025243 |
| 020 ## - INTERNATIONAL STANDARD BOOK NUMBER | |
| International Standard Book Number | 0444878823 (Elsevier) |
| 040 ## - CATALOGING SOURCE | |
| Original cataloging agency | DLC |
| Transcribing agency | DLC |
| Modifying agency | DLC |
| 050 00 - LIBRARY OF CONGRESS CALL NUMBER | |
| Classification number | TJ223.M53 |
| Item number | A67 1985 |
| 082 00 - DEWEY DECIMAL CLASSIFICATION NUMBER | |
| Classification number | 629.895 |
| Edition number | 19 |
| Author Mark | LEI |
| 100 ## - MAIN ENTRY--PERSONAL NAME | |
| Personal name | Leigh, J.R. |
| 9 (RLIN) | 67859 |
| 245 00 - TITLE STATEMENT | |
| Title | Applied digital control / |
| Statement of responsibility, etc. | J.R. Leigh |
| 260 ## - PUBLICATION, DISTRIBUTION, ETC. | |
| Place of publication, distribution, etc. | Amsterdam ; |
| -- | New York : |
| Name of publisher, distributor, etc. | North-Holland ; |
| Place of publication, distribution, etc. | New York, N.Y., U.S.A. : |
| Name of publisher, distributor, etc. | Sole distributors for the U.S.A. and Canada, Elsevier Science Pub. Co., |
| Date of publication, distribution, etc. | 1985. |
| 300 ## - PHYSICAL DESCRIPTION | |
| Extent | xx, 305 p. : |
| Other physical details | ill. ; |
| Dimensions | 24 cm. |
| 440 #0 - SERIES STATEMENT/ADDED ENTRY--TITLE | |
| Title | North-Holland systems and control series ; |
| Volume/sequential designation | v. 7 |
| 9 (RLIN) | 110712 |
| 504 ## - BIBLIOGRAPHY, ETC. NOTE | |
| Bibliography, etc. note | Includes bibliographies and index. |
| 650 #0 - SUBJECT ADDED ENTRY--TOPICAL TERM | |
| Topical term or geographic name entry element | Digital control systems. |
| 700 1# - ADDED ENTRY--PERSONAL NAME | |
| Personal name | Tzafestas, S. G., |
| Dates associated with a name | 1939- |
| 9 (RLIN) | 110713 |
| 906 ## - LOCAL DATA ELEMENT F, LDF (RLIN) | |
| a | 7 |
| b | cbc |
| c | orignew |
| d | 1 |
| e | ocip |
| f | 19 |
| g | y-gencatlg |
| 942 ## - ADDED ENTRY ELEMENTS (KOHA) | |
| Source of classification or shelving scheme | |
| Koha item type | Book |
| Withdrawn status | Lost status | Source of classification or shelving scheme | Damaged status | Not for loan | Permanent Location | Current Location | Shelving location | Date acquired | Full call number | Barcode | Date last seen | Price effective from | Koha item type |
|---|---|---|---|---|---|---|---|---|---|---|---|---|---|
| School of Mechanical & Manufacturing Engineering (SMME) | School of Mechanical & Manufacturing Engineering (SMME) | Aerospace Engineering | 03/20/2023 | 629.895 LEI | SMME-4284 | 03/20/2023 | 03/20/2023 | Book |
